[Event "Znojmo Rotunda op-A"]
[Site "Znojmo"]
[Date "2023.08.25"]
[Round "8"]
[White "Keprt, Pavel"]
[Black "Nekula, Richard"]
[Result "0-1"]
[WhiteElo "1904"]
[BlackElo "1946"]
[PlyCount "96"]
[EventDate "2023.08.19"]
[EventType "swiss"]
[EventRounds "9"]
[EventCountry "CZE"]
[SourceTitle "EXT 2024"]
[Source "ChessBase"]
[SourceDate "2023.10.10"]
[SourceVersion "1"]
[SourceVersionDate "2023.10.10"]
[SourceQuality "1"]

1. e4 e5 2. Bc4 Nf6 3. d3 Be7 4. Nf3 d6 5. c3 0-0 6. 0-0 Nbd7 7. Re1 c6 8. Nbd2 Qc7 9. Nf1 d5 10. Bb3 dxe4 11. dxe4 Nc5 12. Bc2 Be6 13. b3 Rad8 14. Qe2 Bc8 15. Ng3 Rfe8 16. h3 a5 17. a3 b5 18. b4 Na4 19. Bxa4 bxa4 20. Qc2 Bd7 21. Be3 Ra8 22. Reb1 Reb8 23. Nf5 Bf8 24. Bg5 Be6 25. Bxf6 gxf6 26. N3h4 c5 27. bxa5 Qxa5 28. Qd3 Rb3 29. Rc1 Rd8 30. Qg3+ Kh8 31. f4 c4 32. fxe5 Qxe5 33. Qe1 Bc5+ 34. Kh1 Rd3 35. Nf3 Qf4 36. Rd1 Bxf5 37. Rxd3 cxd3 38. exf5 Bd6 39. Rd1 Qxf5 40. Qd2 Rxa3 41. Re1 Kg7 42. Kg1 Bf4 43. Qb2 Qc5+ 44. Kf1 Rxc3 45. g4 Rc2 46. Qd4 d2 47. Qxf4 dxe1Q+ 48. Nxe1 Qc4+ 0-1

[Event "CZE-chT2F 2223"]
[Site "Czech Republic"]
[Date "2022.12.04"]
[Round "4"]
[White "Keprt, Pavel"]
[Black "Zelenka, Milan"]
[Result "1/2-1/2"]
[WhiteElo "1917"]
[BlackElo "2006"]
[PlyCount "34"]
[EventDate "2022.10.16"]
[EventType "team-tourn"]
[EventRounds "11"]
[EventCountry "CZE"]
[SourceTitle "EXT 2024"]
[Source "ChessBase"]
[SourceDate "2023.10.10"]
[SourceVersion "1"]
[SourceVersionDate "2023.10.10"]
[SourceQuality "1"]
[WhiteTeam "Dobra Sokol"]
[BlackTeam "Hostalkova II"]
[WhiteTeamCountry "CZE"]
[BlackTeamCountry "CZE"]

1. e4 e6 2. f4 d5 3. e5 c5 4. Nf3 Nc6 5. c3 Nge7 6. Na3 Nf5 7. Nc2 Be7 8. Bd3 Qb6 9. Bxf5 exf5 10. d3 Be6 11. Rb1 d4 12. c4 0-0 13. 0-0 a5 14. Qe2 Nb4 15. a3 Nxc2 16. Qxc2 a4 17. Bd2 Qb3 1/2-1/2

[Event "CZE-chT2F 2223"]
[Site "Czech Republic"]
[Date "2022.11.06"]
[Round "2"]
[White "Keprt, Pavel"]
[Black "Parak, Dominik"]
[Result "1-0"]
[WhiteElo "1917"]
[BlackElo "2030"]
[PlyCount "57"]
[EventDate "2022.10.16"]
[EventType "team-tourn"]
[EventRounds "11"]
[EventCountry "CZE"]
[SourceTitle "EXT 2024"]
[Source "ChessBase"]
[SourceDate "2023.10.10"]
[SourceVersion "1"]
[SourceVersionDate "2023.10.10"]
[SourceQuality "1"]
[WhiteTeam "Dobra Sokol"]
[BlackTeam "Vsetin"]
[WhiteTeamCountry "CZE"]
[BlackTeamCountry "CZE"]

1. e4 e6 2. f4 d5 3. e5 c5 4. Nf3 Nc6 5. c3 Qb6 6. Na3 Bd7 7. Nc2 Nh6 8. d4 cxd4 9. cxd4 Rc8 10. b3 Be7 11. Be2 Nf5 12. g4 Nh4 13. 0-0 Nxf3+ 14. Rxf3 f6 15. Be3 0-0 16. Rh3 g6 17. Bd3 Rf7 18. Qe2 Nb4 19. Nxb4 Qxb4 20. Kh1 Bd8 21. f5 gxf5 22. gxf5 exf5 23. Rg1+ Kh8 24. Qh5 Qf8 25. Bxf5 Bxf5 26. Qxf5 Rcc7 27. Bh6 fxe5 28. Qxe5+ Rg7 29. Rhg3 1-0

[Event "CZE-chT2F 2122"]
[Site "Czech Republic"]
[Date "2022.01.16"]
[Round "6.7"]
[White "Keprt, Pavel"]
[Black "Sokolowski, Jacek"]
[Result "0-1"]
[WhiteElo "1920"]
[BlackElo "2131"]
[PlyCount "82"]
[EventDate "2021.10.17"]
[EventType "team-tourn"]
[EventRounds "11"]
[EventCountry "CZE"]
[SourceTitle "EXT 2024"]
[Source "ChessBase"]
[SourceDate "2023.10.10"]
[SourceVersion "1"]
[SourceVersionDate "2023.10.10"]
[SourceQuality "1"]
[WhiteTeam "Dobra Sokol"]
[BlackTeam "Havirov Slovan"]
[WhiteTeamCountry "CZE"]
[BlackTeamCountry "CZE"]

1. e4 Nf6 2. Nc3 d5 3. e5 Nfd7 4. f4 c5 5. Nf3 Nc6 6. Bb5 Nb6 7. 0-0 d4 8. Ne4 Qd5 9. d3 a6 10. Bxc6+ Qxc6 11. Qe1 Bf5 12. Ng3 g6 13. b3 0-0-0 14. Ng5 Be6 15. Nxe6 Qxe6 16. Ne4 Qd5 17. Qa5 Nd7 18. b4 f5 19. Nxc5 Nxc5 20. bxc5 e6 21. Ba3 Rd7 22. Qb6 Rc7 23. Qb3 Qd7 24. Rab1 Bxc5 25. Bc1 Qc6 26. Bd2 Rd8 27. Rb2 Rd5 28. a4 Be7 29. Rc1 h6 30. Kf2 g5 31. g3 g4 32. Rcb1 Rc5 33. Rc1 h5 34. Kg1 h4 35. Bb4 h3 36. c4 dxc3 37. Rbc2 Qb6 38. Kf1 a5 39. Rxc3 axb4 40. a5 Rxc3 41. axb6 Rxc1+ 0-1

[Event "CZE-chT2F 1718"]
[Site "Czech Republic"]
[Date "2018.04.08"]
[Round "11.6"]
[White "Zimniok, Lubomir"]
[Black "Keprt, Pavel"]
[Result "1-0"]
[WhiteElo "2051"]
[BlackElo "1962"]
[PlyCount "105"]
[EventDate "2017.10.15"]
[EventType "team-tourn"]
[EventRounds "11"]
[EventCountry "CZE"]
[SourceTitle "EXT 2022"]
[Source "ChessBase"]
[SourceDate "2021.10.06"]
[SourceVersion "1"]
[SourceVersionDate "2021.10.06"]
[SourceQuality "1"]
[WhiteTeam "Karvina"]
[BlackTeam "Dobra"]
[WhiteTeamCountry "CZE"]
[BlackTeamCountry "CZE"]

1. e4 e5 2. f4 exf4 3. Bc4 d6 4. d4 Qh4+ 5. Kf1 Bg4 6. Qd3 Qe7 7. Nc3 c6 8. Bxf4 Nd7 9. Qg3 Bh5 10. d5 Ne5 11. Be2 Nf6 12. Nf3 Bxf3 13. Bxf3 g6 14. Rd1 Rd8 15. Kf2 Bg7 16. Rhe1 0-0 17. Kg1 Rfe8 18. Be2 a6 19. Rf1 c5 20. a4 Nfd7 21. Bg5 Bf6 22. Rxf6 Nxf6 23. Qh4 Ned7 24. Rf1 Kg7 25. Bg4 Qe5 26. Bxd7 Nxd7 27. Bxd8 f6 28. Bc7 Rc8 29. Bxd6 Qxd6 30. Qf4 Ne5 31. h3 Rf8 32. Re1 c4 33. Qe3 Qb4 34. Rb1 Re8 35. Qd4 Qd6 36. Rd1 h5 37. Ne2 g5 38. Rf1 h4 39. Qf2 Ng6 40. Nd4 Qe5 41. Nf5+ Kf8 42. Qb6 Nf4 43. Qxb7 Ne2+ 44. Kh1 Ng3+ 45. Nxg3 hxg3 46. Qxa6 Kg7 47. Qxc4 Qxb2 48. Qc7+ Kg6 49. Qxg3 Qxc2 50. Qf3 Qxe4 51. Qxf6+ Kh5 52. d6 Qxa4 53. Qf7+ 1-0

[Event "CZE-chT2F 1718"]
[Site "Czech Republic"]
[Date "2018.02.25"]
[Round "9.8"]
[White "Frank, Adam"]
[Black "Keprt, Pavel"]
[Result "1-0"]
[WhiteElo "1869"]
[BlackElo "1962"]
[PlyCount "103"]
[EventDate "2017.10.15"]
[EventType "team-tourn"]
[EventRounds "11"]
[EventCountry "CZE"]
[SourceTitle "EXT 2022"]
[Source "ChessBase"]
[SourceDate "2021.10.06"]
[SourceVersion "1"]
[SourceVersionDate "2021.10.06"]
[SourceQuality "1"]
[WhiteTeam "Frydek Mistek III"]
[BlackTeam "Dobra"]
[WhiteTeamCountry "CZE"]
[BlackTeamCountry "CZE"]

1. e4 e5 2. Nf3 Nf6 3. Nxe5 d6 4. Nf3 Nxe4 5. d4 d5 6. Bd3 Be7 7. 0-0 0-0 8. Nc3 Bf5 9. Re1 Nxc3 10. bxc3 Bg6 11. Ne5 Nc6 12. Nxg6 hxg6 13. Rb1 Rb8 14. Qf3 a6 15. Qg4 Bf6 16. Bf4 Na5 17. Re3 b5 18. h4 Nc4 19. Rh3 Nd6 20. Bxd6 Qxd6 21. f4 b4 22. h5 bxc3 23. Rxb8 Bxd4+ 24. Kh2 Rxb8 25. hxg6 fxg6 26. Bxg6 Bf6 27. g3 Qb6 28. Qe2 Bd4 29. Qh5 Kf8 30. Qe2 Qxg6 31. Rh8+ Kf7 32. Rxb8 Qc6 33. Qh5+ Ke7 34. Qh8 Bf6 35. Qf8+ Ke6 36. g4 d4 37. Re8+ Kd5 38. g5 d3 39. gxf6 dxc2 40. Re1 Qb6 41. Qf7+ Kd4 42. fxg7 c1Q 43. Rxc1 Qb2+ 44. Kh3 Qxc1 45. g8Q Qh1+ 46. Kg4 Qg2+ 47. Kh5 Qh2+ 48. Kg6 c2 49. Qc4+ Ke3 50. Qge6+ Kd2 51. Qd4+ Kc1 52. Qe1# 1-0

[Event "CZE-chT2f 0607"]
[Site "Czech Republic"]
[Date "2007.02.11"]
[Round "7.6"]
[White "Jakubiec, Edyta"]
[Black "Keprt, Pavel"]
[Result "1-0"]
[WhiteElo "2213"]
[BlackElo "2083"]
[PlyCount "109"]
[EventDate "2006.10.14"]
[EventType "team"]
[EventRounds "11"]
[EventCountry "CZE"]
[SourceTitle "EXT 2009"]
[Source "ChessBase"]
[SourceDate "2008.11.26"]
[SourceVersion "1"]
[SourceVersionDate "2008.11.26"]
[SourceQuality "1"]

1. e4 g6 2. d4 Bg7 3. Nc3 d6 4. Be3 Nc6 5. Qd2 e5 6. dxe5 Nxe5 7. f4 Nc6 8. 0-0-0 Nf6 9. Nf3 Ng4 10. Bg1 0-0 11. h3 Nf6 12. g4 Re8 13. Bd3 a6 14. g5 Nh5 15. Bf2 b5 16. f5 Ne5 17. Be2 Nc4 18. Bxc4 bxc4 19. f6 Bf8 20. Nd4 Bb7 21. Rhe1 c5 22. Nde2 Rb8 23. Ng3 Bc6 24. Nxh5 gxh5 25. Nd5 Qd7 26. Qc3 Qb7 27. Bg3 Re6 28. h4 Rbe8 29. Qxc4 Bb5 30. Qc3 Rxe4 31. Rxe4 Rxe4 32. Qf3 Re8 33. Re1 Rxe1+ 34. Bxe1 Bc6 35. c4 Qd7 36. Qd3 Qe6 37. Bg3 Bb7 38. b3 Bc8 39. Kb2 Qe8 40. Qe3 Be6 41. Nf4 Qd7 42. Qd3 Bg4 43. Nd5 Bf5 44. Qd2 Be4 45. Ne7+ Bxe7 46. fxe7 d5 47. cxd5 Qxe7 48. d6 Qd7 49. Qc3 Qf5 50. Be5 Qf2+ 51. Ka3 Bb1 52. Qb2 Qe1 53. Bc3 Qd1 54. Bh8 f6 55. Qxf6 1-0

[Event "CZE-chT2f 0607"]
[Site "Czech Republic"]
[Date "2006.12.03"]
[Round "4.6"]
[White "Keprt, Pavel"]
[Black "Kolar, Stanislav"]
[Result "1/2-1/2"]
[WhiteElo "2083"]
[BlackElo "2127"]
[PlyCount "120"]
[EventDate "2006.10.14"]
[EventType "team"]
[EventRounds "11"]
[EventCountry "CZE"]
[SourceTitle "EXT 2009"]
[Source "ChessBase"]
[SourceDate "2008.11.26"]
[SourceVersion "1"]
[SourceVersionDate "2008.11.26"]
[SourceQuality "1"]

1. e4 g6 2. Bc4 Bg7 3. d3 d6 4. f4 Nf6 5. Nf3 0-0 6. 0-0 c6 7. c3 Nbd7 8. Qe1 b5 9. Bb3 Bb7 10. Qh4 e6 11. Be3 c5 12. Nbd2 Nb6 13. f5 c4 14. dxc4 bxc4 15. Nxc4 Nxc4 16. Bxc4 d5 17. exd5 exf5 18. Rad1 Re8 19. Bd4 Re4 20. Qh3 Ng4 21. Rfe1 Bxd4+ 22. Nxd4 Bxd5 23. Rxe4 Bxe4 24. Be2 Qg5 25. Bxg4 Qxg4 26. Qxg4 fxg4 27. Nb3 a5 28. Rd4 f5 29. Ra4 Rd8 30. Nd4 Rd5 31. Kf2 Re5 32. a3 f4 33. b4 axb4 34. axb4 Rh5 35. Kg1 f3 36. gxf3 gxf3 37. Ra2 Rg5+ 38. Kf1 Bd3+ 39. Ke1 Rg1+ 40. Kd2 Rg2+ 41. Kxd3 Rxa2 42. Nxf3 Rb2 43. Kd4 h6 44. Kc5 g5 45. b5 g4 46. Ne5 h5 47. b6 Rxh2 48. b7 Rb2 49. Kc6 g3 50. Nf3 Kf7 51. Kc7 Rb3 52. c4 Rxf3 53. b8Q g2 54. Qb1 Rf1 55. Qh7+ Kf6 56. Qh6+ Kf5 57. Qxh5+ Kf4 58. Qh2+ Kf3 59. Qh3+ Kf2 60. Qh4+ Kf3 1/2-1/2

[Event "MOR-chT2N 0203"]
[Site "Moravia"]
[Date "2003.03.30"]
[Round "11"]
[White "Bolacky, Jiri"]
[Black "Keprt, Pavel"]
[Result "1-0"]
[WhiteElo "2198"]
[BlackElo "2167"]
[PlyCount "55"]
[EventDate "2002.10.??"]
[EventType "team"]
[EventRounds "11"]
[EventCountry "CZE"]
[SourceTitle "EXT 2006"]
[Source "ChessBase"]
[SourceDate "2005.11.24"]
[SourceVersion "1"]
[SourceVersionDate "2005.11.24"]
[SourceQuality "1"]

1. e4 e5 2. Nf3 Nf6 3. Nxe5 d6 4. Nf3 Nxe4 5. d4 d5 6. Bd3 Nc6 7. 0-0 Be7 8. Re1 Nf6 9. h3 0-0 10. Bf4 Nb4 11. Bf1 Bf5 12. Na3 c5 13. c3 Nc6 14. Nb5 a6 15. Na3 Ne4 16. Nc2 g5 17. Bh2 Bg6 18. Ne5 c4 19. Nxg6 fxg6 20. Qg4 Rf5 21. Rxe4 dxe4 22. Ne3 Rf8 23. Bxc4+ Kg7 24. d5 Na5 25. Qxe4 Bd6 26. Qd4+ Kg8 27. Ng4 Nxc4 28. Nh6# 1-0